|
|
|
|
| LEADER |
00000nab a2200000 ar4500 |
| 001 |
vtls008691228 |
| 003 |
SK-MaSNL |
| 005 |
20260303162250.0 |
| 008 |
060418c2005 xo |||||||||||000 b|slo |
| 015 |
|
|
|a SNBRB2006/04
|2 snkbucl
|
| 038 |
|
|
|a SNKBUCL
|
| 040 |
|
|
|a SNKBUCL
|b slo
|c SNKBUCL
|e AACR2
|
| 041 |
0 |
|
|a slo
|
| 044 |
|
|
|a xo
|c SK
|
| 080 |
|
|
|a 528.48:725.214
|x (437.6)
|2 1997
|
| 080 |
|
|
|a 725.214
|2 1997
|
| 100 |
1 |
|
|a Dzúr-Gejdoš, Milan,
|d 1950-
|4 aut
|9 221485
|
| 245 |
1 |
0 |
|a Geodetická činnosť pri výstavbe obchodných centier
|c Milan Dzúr-Gejdoš, Vincent Jakub
|
| 300 |
|
|
|b Fotogr., sch., tab.
|
| 504 |
|
|
|a Bibliogr. odkazy
|
| 610 |
2 |
7 |
|a Hornbach (hobbymarket : Košice, Slovensko)
|2 snkbucl
|9 1020718
|
| 650 |
0 |
7 |
|a geodetické práce
|2 snkbucl
|9 561235
|
| 650 |
0 |
7 |
|a obchodné centrá
|2 snkbucl
|9 266455
|
| 650 |
0 |
7 |
|a vytyčovacie siete
|2 snkbucl
|9 1185715
|
| 651 |
|
7 |
|a Košice (Slovensko)
|2 snkbucl
|9 18694
|
| 700 |
1 |
|
|a Jakub, Vincent,
|d 1943-
|4 aut
|9 104865
|
| 773 |
0 |
|
|t Slovenský geodet a kartograf
|g Roč. X, č. 4 (2005), s. 2-8
|x 1335-4019
|
| 852 |
|
|
|a SNK
|b KIS3GCP
|
| 958 |
|
|
|a NB
|
| 958 |
|
|
|a SK
|
| 999 |
|
|
|c 2052859
|d 2054789
|